| 000 | 02038cam a22004814i 4500 | ||
|---|---|---|---|
| 003 | PE-LiUPU | ||
| 005 | 20250731172936.0 | ||
| 008 | 150623s1997 miu rb 000 0 eng d | ||
| 020 | _a0802838464 | ||
| 035 | _a(Sirsi) i9780802838469 | ||
| 040 |
_aPE-LiUPU _bspa _cPE-LiUPU _erda |
||
| 049 | _aPRUA | ||
| 082 | 0 | 4 |
_a230 _bW32 _221 |
| 100 | 1 |
_aWatson, Francis, _d1956-, _eautor. |
|
| 245 | 1 | 0 |
_aText and truth : _bredefining biblical theology / _cFrancis Watson. |
| 264 | 1 |
_aMichigan : _bWilliam B. Eerdmans Publishing Company, _c1997. |
|
| 300 |
_a344 páginas ; _c24 centímetros |
||
| 336 |
_atext _2rdacontent |
||
| 337 |
_aunmediated _2rdamedia |
||
| 338 |
_avolume _2rdacarrier |
||
| 504 | _aBibliografía al final de cada capítulo. | ||
| 505 | 0 | _aThe gospels as narrated history -- The multiple text and the singular góspel -- Literal sense, authorial intyention, objective interpretation: in defense of some unfashionable concepts -- Erasing the text: readings in Neo-Marcionism -- Old testament theology as a Christian theological Enterprise -- Creation in the beginning -- In the image of God -- Scripture in dialogue: a study in early christian old testament interpretation.. | |
| 526 | _aSEG42 | ||
| 526 | _aSEG41 | ||
| 526 | _aSEG40 | ||
| 526 | _aSEG39 | ||
| 526 | _aP94 | ||
| 526 | _aP87 | ||
| 526 | _aP86 | ||
| 526 | _aP85 | ||
| 526 | _aP77 | ||
| 526 | _aP76 | ||
| 526 | _aP35 | ||
| 611 |
_aBiblia _xCrítica, interpretación, etc. |
||
| 611 |
_aBiblia _xTeología. |
||
| 630 | _aHermenéutica bíblica. | ||
| 942 |
_2ddc _cBOOK |
||
| 949 |
_a230 W32 _wDEWEY _c1 _i44401 _d2016-12-9 _e2016-11-30 _lCCODEBUL1 _mBUL _n5 _r0 _sY _tBOOK _u2015-6-24 _xTEOLOGIA _PP35 _0COMPRA _o.STAFF. Colección General |
||
| 994 |
_aC0 _bPEPRU |
||
| 596 | _a1 | ||
| 999 |
_a230 W32 _wDEWEY _c21282 _i44401 _d21282 _e2016-11-30 _f2021-11-9 _g5 _lCCODEBUL1 _mBUL _n5 _p18.00 _r0 _sY _tBOOK _u2015-6-24 _xTEOLOGIA _PP35 _0COMPRA _o.STAFF. Colección Teología |
||
| 980 |
_81 _gALBERTO SANCHEZ Responsable de Automatización |
||